000
00241nam a2200097Ia 4500
008
230508s2007 xx 000 0 und d
041
_a
eng
100
_a
S RAMAMRUTHAM
245
_a
STRENGTH OF MATERIALS
260
_b
DHANPARAI PUB.
_c
2007
_g
2007
999
_c
315479
_d
315479